Historias insólitas de la Copa Libertadores: curiosidades y secretos increíbles del torneo de clubes de fútbol más prestigioso de América

Saved in:
Bibliografiske detaljer
Hovedforfatter: Wernicke, Luciano (Author)
Format: Bog
Sprog:spansk
Udgivet: Buenos Aires Planeta 2015
Udgivelse:1a. ed
Fag:
Tags: Tilføj Tag
Ingen Tags, Vær først til at tagge denne postø!

MARC

LEADER 00000cam a2200000 a 4500
001 UCD6228
003 CL-VaPUC
008 161124e20150000ag |||||||||||||||||spa|d
020 |a 9789504943563 
082 0 4 |a 796.33409  |b WER  |2 21 
100 0 |a Wernicke, Luciano  |e author  |9 589964 
245 1 0 |a Historias insólitas de la Copa Libertadores: curiosidades y secretos increíbles del torneo de clubes de fútbol más prestigioso de América 
250 |a 1a. ed 
300 |a 250 p 
942 |c BK 
945 |d 20161124 22:47:00  |a dcastane 
260 |a Buenos Aires  |b Planeta  |c 2015 
650 7 |a HISTORIA DEL FUTBOL  |2 CL-VaPUC  |9 502597 
650 0 |a Fútbol  |9 307513 
583 |a last modification  |c 20161124 22:47:00  |k Rodrigo Vera 
999 |c 366588  |d 366586